000
00283nam a2200109Ia 4500
008
200302s9999 xx 000 0 und d
100
_a
D. C. Sircar
245
_a
Indian Epigraphical Glossary
260
_b
Motilal Banarsidass Publishers Pvt. Ltd.
260
_c
1966
300
_a
560 P.,
999
_c
2452
_d
2452